Vision in context : historical and contemporary perspectives on sight

Αποθηκεύτηκε σε:
Λεπτομέρειες βιβλιογραφικής εγγραφής
Άλλοι συγγραφείς: Brennan, Teresa, 1952-2003 (edtf), Jay, Martin, 1944- (Επιμελητής έκδοσης)
Μορφή: Βιβλίο
Γλώσσα:English
Δημοσίευση: New York : Routledge, c1996.
Θέματα:
Ετικέτες: Προσθήκη ετικέτας
Δεν υπάρχουν, Καταχωρήστε ετικέτα πρώτοι!

MARC

LEADER 00000cam a2200000 i 4500
001 1/16008
008 010122s1996 nyu| ||| |||| ||eng||
020 |a 0415914752 
035 |l 10065621 
040 |a GR-MyUa  |b gre  |e AACR2 
041 0 |a eng 
082 7 |a 128.3   |2 (22) 
245 0 0 |a Vision in context :   |b historical and contemporary perspectives on sight /   |c edited by Teresa Brennan and Martin Jay. 
260 |a New York :   |b Routledge,   |c c1996. 
300 |a 240 σ. ;   |c 26 εκ. 
504 |a Περιλαμβάνει βιβλιογραφίες και ευρετήριο. 
650 0 |a Image (Philosophy) 
650 0 |a Vision. 
650 0 |a Gaze. 
700 1 |a Brennan, Teresa,   |d 1952-2003,  |e edtf 
700 1 |a Jay, Martin,   |d 1944-  |e edt 
852 |a INST  |b SYROS  |e 20010122  |h 128.3 VIS  |p 005500001563  |q 005500001563  |t BK  |y 0 
901 |a BIBL5-2001-1 
922 |a 5ΕΛΗ  |b 200012  |c Γραφικών Τεχνών  |d Μιχαλόπουλος 
950 |a 183-2000-12-09 
970 |a Κοντού  |b Παρασκευή  |z 08/02/2001